PUBLIC ADMINISTRATION AND INFORMATION TECHNOLOGY (Record no. 4653)

MARC details
000 -LEADER
fixed length control field 00402nam a22001457a 4500
008 - FIXED-LENGTH DATA ELEMENTS--GENERAL INFORMATION
fixed length control field 260416b |||||||| |||| 00| 0 eng d
020 ## - INTERNATIONAL STANDARD BOOK NUMBER
ISBN 9789352692101
100 ## - MAIN ENTRY--AUTHOR
Author WADEKAR, ASHOK G.
245 ## - TITLE STATEMENT
Title PUBLIC ADMINISTRATION AND INFORMATION TECHNOLOGY
260 ## - PUBLICATION, DISTRIBUTION, ETC. (IMPRINT)
Place of publication NEW-DELHI
Name of publisher RANDOM PUBLICATIONS
Date of publication 2019
300 ## - COLLATION
Pagination VIII, 306p.
Other physical details ill
942 ## - ADDED ENTRY ELEMENTS (KOHA)
Item type Books
050 ## - LIBRARY OF CONGRESS CALL NUMBER
Classification number JF1525.C66
Item number .W33
Holdings
Source of classification or shelving scheme Not for loan Permanent location Current location Date acquired Accession No. Full call number Barcode. Copy number Koha item type
Library of Congress Classification   Samuel Ogbemudia Main Library, University of Abuja Samuel Ogbemudia Main Library, University of Abuja 04/16/2026 2019/55832-35 JF1525.C66 W33 2026-0142 4 Books